00394nam a22001577a 4500003000400000008004100004020001800045082001500063100002600078245003100104260002800135300001000163650002700173700001700200700001900217OSt250409b |||||||| |||| 00| 0 eng d a9789388902779 a615.19 SIC aSiddiqui, Anees Ahmad aComputer Aided Drug Design aN.DelhibCBS Pub.c2024 ax,158 aComputer aided design  aHarish Kumar aKhusal, Subuhi